Law and valuation of leisure property

Bibliographic Details
Other Authors: Marshall, Harvey, Williamson
Format: Book
Published: London : Estates Gazette , 1994
Subjects:

MARC

LEADER 00000cam a2200000 7i4500
001 0000003071
005 20060818.0
020 |a 072820200x 
040 |a INS 
090 0 0 |a HD1387   |b L4151 1994 
245 0 0 |a Law and valuation of leisure property   |c edited by Hazel Williamson 
260 |a London :   |b Estates Gazette ,   |c 1994 
300 |a 519p. ;   |c 21.5 cm. 
650 0 0 |a Leisure properties 
700 1 |a Marshall, Harvey 
700 1 |a Williamson   |x Hazel 
999 |a 0000005402   |b BOOK   |c Open Shelf   |e Default branch